| 000 | 01044 a2200229 4500 | ||
|---|---|---|---|
| 003 | Nust | ||
| 005 | 20221102163312.0 | ||
| 010 | _a 74010555 | ||
| 020 | _a0070381208 | ||
| 040 | _cNust | ||
| 082 | 0 | 0 | _a621.3192 |
| 100 | 1 |
_aLiu, C. L. _9102275 |
|
| 245 | 1 | 0 |
_aLinear systems analysis / _cC. L. Liu and Jane W. S. Liu. |
| 260 |
_aNew York, _bMcGraw-Hill _c[1974, c1975] |
||
| 300 |
_axi, 467 p. _billus. _c25 cm. |
||
| 505 | _aSignals and Systems (Page-1), Differential and Difference Equations (Page-42), State Space Description of System (Page-77), Convolution (Page-135), The z Transformation (Page-177), Fourier Series (Page-205), Fourier Transformation (Page-258), Frequency Analysis of Signals (Page-302), Bilateral Laplace Transformation (Page-361), Interconnection of Systems (Page-398), Unilateral Laplace and z Transformation (Page-430). | ||
| 650 | 0 |
_aElectric networks. _941311 |
|
| 650 | 0 |
_aElectrical engineering _xMathematics. _955701 |
|
| 650 | 0 | _aLinear systems. | |
| 700 | 1 |
_aLiu, Jane W. S., _961371 |
|
| 942 |
_2ddc _cBK |
||
| 999 |
_c180859 _d180859 |
||